Možnosti extrakcie kumarínu z rastlinných materiálov
Enregistré dans:
| Auteur principal: | |
|---|---|
| Autres auteurs: | |
| Format: | Manuscrit Livre |
| Langue: | slovaque |
| Publié: |
2020
|
| Sujets: | |
| Accès en ligne: | http://is.stuba.sk/zp/portal_zp.pl?podrobnosti=141898 |
| Tags: |
Pas de tags, Soyez le premier à ajouter un tag!
|
MARC
| LEADER | 00000ntm a22000003a 4500 | ||
|---|---|---|---|
| 001 | stuzp78589 | ||
| 003 | SK-STU | ||
| 005 | 20200718211026.8 | ||
| 007 | ta | ||
| 008 | 150427s2015----xo-----f-mn---000-0-slo-d | ||
| 040 | |a STU |b slo | ||
| 041 | 0 | |a slo | |
| 100 | 1 | |a Čišovská, Kristína |u 041000 |4 aut |U FCHPT Fakulta chemickej a potravinárskej technológie |T FCHPT Ústav analytickej chémie |X 91916 |U C1000 |Y 99 |7 91916 | |
| 242 | 0 | 1 | |a Possibilities of extraction of coumarin from plant materials |y eng |
| 245 | 1 | 0 | |a Možnosti extrakcie kumarínu z rastlinných materiálov |
| 260 | |c 2020 | ||
| 650 | 4 | |a kumarín |2 slo | |
| 650 | 4 | |a škorica |2 slo | |
| 650 | 4 | |a extrakcia |2 slo | |
| 650 | 4 | |a výber extrakčného činidla |2 slo | |
| 650 | 4 | |a HPLC |2 slo | |
| 650 | 4 | |a coumarin |2 eng | |
| 650 | 4 | |a cinnamon |2 eng | |
| 650 | 4 | |a extraction |2 eng | |
| 650 | 4 | |a selection of extraction agent |2 eng | |
| 650 | 4 | |a HPLC |2 eng | |
| 700 | 1 | |a Hroboňová, Katarína |u 041000 |k Z1 |4 ths |U FCHPT Fakulta chemickej a potravinárskej technológie |T FCHPT Ústav analytickej chémie |X 3931 |U C1000 |Y 99 |7 A000003931 | |
| 856 | 4 | |u http://is.stuba.sk/zp/portal_zp.pl?podrobnosti=141898 | |